Sosyoloji ve geleceği (Record no. 1684)

MARC details
000 -BAŞLIK
Sabit Uzunlukta Kontrol Alanı 00716na a2200253 4500
001 - KONTROL NUMARASI
Denetim Alanı 13203
003 - KONTROL NUMARASI IDENTIFIER
Denetim Alanı MIRAKIL
005 - SON İŞLEM TARİHİ VE ZAMANI
Denetim Alanı 20181213154831.0
008 - SABİT-BOY VERİ ELEMANLARI - GENEL BİLGİLER
Sabit Uzunlukta Kontrol Alanı 160817b tu 000 0
020 ## - ULUSLARARASI STANDART KİTAP NUMARASI
Uluslararası Standart Kitap Numarası 9756806257
040 ## - KATALOGLAMA KAYNAK
Orijinal Kataloglama Ajansı Milas
Kataloglama Dili tur
Metne Dönüştürmek Ajansı TR-AnCHP
082 ## - DEWEY ONLU SINIFLANDIRMA NUMARASI
Sınıflandırma Numarası 301
Ürün Numarası S67 2002
090 ## - SINIFLAMA NUMARASI
Sınıflama Numarası 301 S67 2002
245 ## - BAŞLIK TABLOSU
Başlık Sosyoloji ve geleceği
Sorumluluk Tablosu, Vb Warnfried Dettling ... [ve öte] ; Türkçesi M. Çağatay Özdemir
260 ## - YAYIN, DAĞITIM, VB
Yayın, Dağıtım, Vb Yeri Ankara
Yayıncı, Dağıtıcı, Vs Adı Eylül
Yayın, Dağıtım, Vb Tarihi 2002
300 ## - FİZİKSEL TANIM
Kapsam v, 62 s
Boyutlar 20 sm.
490 ## - SERİSİ TABLOSU
Seri Beyanı Sosyoloji Dizisi
Hacim / Ardışık Tanımı 2
490 ## - SERİSİ TABLOSU
Seri Beyanı Üniversite Kitapları
Hacim / Ardışık Tanımı 9
490 ## - SERİSİ TABLOSU
Seri Beyanı Eylül Yayınları
Hacim / Ardışık Tanımı 37
650 ## - KONU KATMA GİRİŞ - TOPİKAL DÖNEM
Topikal Süreli Veya Coğrafi Ad Giriş Elemanı Sosyoloji
700 ## - KATMA GİRİŞ - KİŞİSEL İSİM
Kişisel Ad Özdemir, M. Çağatay
700 ## - KATMA GİRİŞ - KİŞİSEL İSİM
Kişisel Ad Dettling, Warnfried
942 ## - EKLENDİ GİRİŞ ELEMANLARI (KOHA)
Sınıflandırma Veya Raf Düzeni Kaynak Dewey Decimal Classification
Koha Öğesi Türü Books
999 ## - SİSTEM KONTROL NUMARALARI (KOHA)
Koha Biblionumber 1684
Koha Biblioitemnumber 1684
Holdings
Kalıcı Konum Mevcut Konum Edinme Tarihi Edinim Kaynak Toplam Check-Out'Lar Tam Çağrı Numarası Barkod Tarih Son Görülme İtibaren Geçerli Fiyatlar Koha Öğesi Türü
CHP Kütüphanesi CHP Kütüphanesi 08/10/2016 Bağış   301 S67 2002 000294 08/10/2016 08/10/2016 Books